000 00190nam a2200085 4500
001 1234617
005 20250929103707.0
245 _aBİLİM ve TEKNİK
_cKOMİSYON
260 _bTÜBİTAK YAYINLARI
999 _c1234617
_d1234617